000 003460000a22001450004500
060 _a100
082 _a582.130 12 LAW
100 _aLawrence, George H M
245 _aTaxonomy of vascular plants
260 _aNew York, Mac Millan Company
260 _c1951
300 _a823
650 _aPlant taxonomy/ Plant nomenclature
942 _cBK
999 _c358631
_d358631